|
|
|
|
| LEADER |
00000nab a2200000 a 4500 |
| 001 |
vtls000923917 |
| 003 |
SK-MaSNL |
| 005 |
20260318140717.0 |
| 008 |
040720e19950531xo 0 hun |
| 035 |
|
|
|a KE32794
|
| 040 |
|
|
|a KEVKJB
|b slo
|c KEVKJB
|e AACR2
|
| 041 |
1 |
|
|h slo
|
| 044 |
|
|
|a xo
|c SK
|
| 080 |
|
|
|a 7.091.4=945.11
|2 1981
|
| 100 |
0 |
|
|a (g-f)
|4 aut
|9 894360
|
| 245 |
1 |
0 |
|a Perec is lesz?
|b Csemadok-nap Somodiban
|
| 650 |
0 |
7 |
|a folklórne slávnosti
|2 KEVKJB
|9 74761
|
| 650 |
0 |
7 |
|a ročník 41.
|2 KEVKJB
|9 884071
|
| 651 |
|
7 |
|a Drienovec (Slovensko)
|2 KEVKJB
|9 29641
|
| 651 |
|
7 |
|a KS,
|2 KEVKJB
|9 880381
|
| 655 |
|
7 |
|a periodikum
|2 snkbucl
|9 29553
|
| 773 |
0 |
8 |
|t Új Szó
|g Roč. 48
|g Roč. 28, č.125, 31.5.1995, s. 6
|
| 852 |
|
|
|a ZVYKNI
|b KIS3GCP
|
| 999 |
|
|
|c 1906484
|d 1908414
|